| 000 | 00665nam a22001577a 4500 | ||
|---|---|---|---|
| 008 | 090423t xxu||||| |||| 00| 0 eng d | ||
| 020 | _a8122420796 | ||
| 082 |
_222 _a624.1762 _bKUM |
||
| 100 |
_94130 _akumar, Kamalesh |
||
| 245 |
_aBasic Geotechnical Earthquake Engineering/ _cKamalesh Kumar |
||
| 260 |
_aNew Delhi: _bNew Age international, _c2008 |
||
| 300 |
_a142p.: _bill.; _c22 cm. |
||
| 504 | _aIncludes bibliographical refernces p.132-136 and index | ||
| 942 |
_2ddc _cBB |
||
| 999 |
_c11398 _d11398 |
||